000 00619nam a2200253Ia 4500
003 OSt
005 20220912152910.0
006 a|||||r|||| 00| 0
007 ta
008 220909b |||||||| |||| 00| 0 eng d
024 _a31693
037 _cTextual
040 _aCSL
_beng
_cCSL
041 _aeng
082 _aC6:142;5, K2
100 _aBrophy James J
245 0 _aOrganic semiconductors
260 _c1962
300 _ap.
_ccm.
650 _aSemiconductors
700 _a Buttrey John W
942 _hC6:142;5, K2
_cTEXL
_2CC
999 _c93416
_d93416